Thaï pop idol list - Statistics

General Stats
  • This quiz has been taken 16 times
  • The average score is 42 of 156
Answer Stats
Answer % Correct
Lego
90%
Nut
90%
Pond
90%
Tui
90%
Hong
80%
Joong
80%
Por
70%
Santa
70%
Teetee
70%
William
70%
Aou
60%
AuAu
60%
Chokun
60%
Copper
60%
Gun
60%
James
60%
Jung
60%
Min
60%
Tutor
60%
Yim
60%
AA
50%
Alan
50%
Apo
50%
Barcode
50%
Daou
50%
Diamond
50%
Gorn
50%
Hannah
50%
Jan
50%
Jay
50%
Keen
50%
Kim
50%
Krit
50%
Nex
50%
Nice
50%
Offroad
50%
Onglee
50%
Peemwasu
50%
Punch
50%
Tad
50%
Thai
50%
Aheye
40%
Alex
40%
Billy
40%
Heart
40%
Jane
40%
Jinwook
40%
JungT
40%
Khunpol
40%
Krittin
40%
Mabelz
40%
Marckris
40%
Mind
40%
Otto
40%
Palm
40%
Pentor
40%
Phutatchai
40%
Pimma
40%
Pin
40%
Pluggy
40%
Third
40%
Victor
40%
Acare
30%
Ashi
30%
Aungpao
30%
Chari
30%
Cheese
30%
Ciize
30%
Erwin
30%
Fai
30%
Frame
30%
Geler
30%
Ingkho
30%
Jaoying
30%
Jisang
30%
Jorin
30%
Junior
30%
Maddoc
30%
Nay
30%
Obo
30%
Prem
30%
Jet
20%
Milo
20%
miQuella
20%
Poom
20%
Sangt
20%
Taom
20%
Aye
10%
Bell
10%
Belle
10%
Chelsea
10%
Fum
10%
Jenny
10%
Knomjean
10%
Oppapech
10%
Rochelle
10%
Skawduan
10%
Tae
10%
4EVE
0%
Anda
0%
ATLAS
0%
Atom
0%
Blue
0%
Bua
0%
BUS
0%
Carys
0%
Castella
0%
Cherrie
0%
CLOVER
0%
COSMOS
0%
Deenan
0%
Devi
0%
DEXX
0%
DICE
0%
EMPRESS
0%
Euro
0%
Fahmini
0%
FELIZZ
0%
FLI:P
0%
Fogus
0%
Friend
0%
Graphic
0%
Jackpot
0%
JASP.ER
0%
Joker
0%
Khupt
0%
Koi
0%
Laz1
0%
Lookkaew
0%
LYKN
0%
Mann
0%
Meepooh
0%
Meiji
0%
Mudmee
0%
MxFruit
0%
Nat
0%
Noon
0%
Pam
0%
Pann
0%
Paul
0%
PERSES
0%
pIXXIE
0%
Praeploy
0%
Praewa
0%
PROXIE
0%
Scene
0%
SIZZY
0%
Som
0%
Tangkwa
0%
Tawan
0%
Tengja
0%
Tilly Birds
0%
Tonkhao
0%
Vasa
0%
ZOLAR
0%
No matching quizzes found
Score Distribution
Percent of People with Each Score
Percentile by Number Answered
Your Score History
You have not taken this quiz